| 000 | 00907cab a2200289 4500 | ||
|---|---|---|---|
| 001 | ABS55315 | ||
| 008 | 090401t1996 xxu||||| |||| 00| 0 eng d | ||
| 035 | _a(Sirsi) u15692 | ||
| 041 | _aeng | ||
| 100 | _aBroad, M. | ||
| 245 | _aFright control | ||
| 260 | _c1996 | ||
| 350 | _a0 | ||
| 490 |
_aProperty Week _v55(12) 20 June 1996, 28-29(2) |
||
| 520 | _aAssesses the effect of the lifting of BAA`s rent freeze on airport rents. Discusses how effective the company`s `Property Challenge` has been in improving its relationship with tenants. | ||
| 650 | _aAIRPORT RENTS | ||
| 650 | _aAIRPORT SHOPS | ||
| 650 | _aAIRPORTS | ||
| 650 | _aBAA | ||
| 650 | _aBRITISH AIRPORT AUTHORITY | ||
| 650 |
_aProperty management _96262 |
||
| 650 | _aRENT FREEZE | ||
| 690 | _aPROPERTY-COMMERCIAL PROPERTY-RETAIL PROPERTY | ||
| 690 | _aPROPERTY-LANDLORD AND TENANT | ||
| 942 | _n0 | ||
| 948 | _c04/03/1997 | ||
| 999 |
_c10319 _d10319 |
||